| 000 | 00820nam a2200217 a 4500 | ||
|---|---|---|---|
| 001 | 43956 | ||
| 003 | BD-RjUL | ||
| 005 | 20211209053757.0 | ||
| 008 | 160629s1991 bg ||||| |||| 00| 0 ben d | ||
| 035 | _a(BD-RjUL)44074 | ||
| 040 |
_aBD-RjUL _bben _cBD-RjUL |
||
| 041 | _aben | ||
| 082 |
_223 _a372.95492 _bULA 1991 |
||
| 100 |
_aউল্লাহ্, মাহফুজ. _9135035 |
||
| 245 | 1 | 0 |
_aআমাদের স্কুল / _cমাহফুজ উল্লাহ্ |
| 260 |
_aঢাকা : _bব্র্যাক প্রিন্টার্স, _c১৯৯১ |
||
| 300 |
_a১০৮ পৃ. : _bচিত্র ; _c২১ সেমি. |
||
| 650 |
_aপ্রাথমিক শিক্ষা _9135036 _xবাংলাদেশ |
||
| 650 |
_aPrimary education _9135037 _xBangladesh |
||
| 942 |
_2ddc _cBK |
||
| 999 |
_c43956 _d43956 |
||